000
00279nam a2200109Ia 4500
008
221009s9999 xx 000 0 und d
082
_a
500/GUP
100
_a
Seal Brajendranath,
245
4
_a
The Positive Sciences of The Ancient Hindus
260
_b
Sahitya Samsad,
942
_c
BK
999
_c
64858
_d
64858